000 00673nam a2200181 a 4500
001 000046035
005 20240301073829.0
008 150612s2014 dr c 000 0 spa d
020 _a9789945131697
040 _aDO-SdBNP
_bspa
_cBNPHU
100 1 _aBáez Pérez, Rafael Cucullo
_934714
245 1 0 _aMis vivencias internacionales. /
_cRafael Cucullo Báez Pérez ; presentación Tony Raful ; prólogo Rafael Fafa Taveras.
260 _aSanto Domingo, :
_bMediabyte,
_c2014.
300 _a261 p. :
_bretrs. ;
_c23 cm.
500 _aIncluye datos biografícos del autor en la solapa.
700 1 2 _aTaveras, Rafael
_epról.
_973924
700 1 2 _aRaful, Tony,
_d1951-
_epres.
_91377
999 _c45524
_d45524